000 00600nam a2200217Ia 4500
003 OSt
005 20250424151351.0
008 210423s2010 xx 000 0 und d
020 _a9789380108162
040 _cAL
041 _aeng
082 _a531
_223
_bHASC
100 _aJavier E Hasbun
_999976
245 _aClassical mechanics: with MATLAB applications
260 _aNew Delhi
_bJones & Bartlett Publishers
_c2010
300 _axvi,548
_bPB
365 _b395
_cINR
650 _aClassical Mechanics
_999977
906 _aapplications. ; Classical ; matlab ; mechanics:
942 _2ddc
_cBK
999 _c162481
_d162481